00610 2200229 4500001002100000005001500021035002000036245006100056100002200117250000600139300003700145260003700182082001100219084001800230020001800248650002900266990001700295990001700312990001700329990001700346990001700363INLIS00000000000058820190116033005 a0010-01190000441 aMelinjo :bBudi Daya dan Pascapanen /cH. Rahmat Rukmana0 aH. Rahmat Rukmana a- aviii, 54 hlm. :bilus. ;c21 cm. aSemarang :bCV Aneka Ilmu,c2008 a631.53 a631.53 RAH m a979-736-693-6 aPengembangbiakan Tanaman a02141/P/2018 a02142/P/2018 a02143/P/2018 a02144/P/2018 a02145/P/2018